| 000 | 00608nam a2200205 a 4500 | ||
|---|---|---|---|
| 005 | 20240113063629.0 | ||
| 008 | 170524s2016 mx r 000 0 spa d | ||
| 020 | _a9786077292104 | ||
| 035 | _aUPN01000218142 | ||
| 049 | _aCG | ||
| 050 | 4 |
_aRA644 A2.5 _bA3.3 2016 |
|
| 245 | 0 | 0 |
_aAgenda política en materia de VIH y SIDA : _bdirigida a mujeres, desde el enfoque de género y de derechos humanos. |
| 250 | _a2a ed. | ||
| 260 |
_aMéxico : _bCNDH, _c2016. |
||
| 300 |
_a65 p. : _bil. |
||
| 650 | 4 |
_aSIDA EN MUJERES _94457 |
|
| 650 | 4 |
_aSIDA _xPrevención _912138 |
|
| 905 | _aLibro | ||
| 999 |
_c190242 _d190242 |
||